Evaluación de acciones formativas en el diseño de cursos en ambiente e-learning en una universidad a distancia colombiana (Registro nro. 300530)
[ vista simple ]
| 000 -ENCABEZADO | |
|---|---|
| Número de control [NR] | 01513nam a22002771a 4500 |
| 005 - FECHA Y HORA DE LA ÚLTIMA TRANSACCIÓN | |
| control field | 20150812075018.0 |
| 008 - DE LONGITUD FIJA DE DATOS DE ELEMENTOS - INFORMACIÓN GENERAL | |
| Elementos de longitud fija [NR] | 150812s2013 ck a frm f000 0 spa d |
| 020 ## - NUMERO INTERNACIONAL NORMALIZADO PARA LIBROS [R] | |
| Número Internacional Normalizado del libro [NR] | 9789586515726 (Obra) |
| 020 ## - NUMERO INTERNACIONAL NORMALIZADO PARA LIBROS [R] | |
| Número Internacional Normalizado del libro [NR] | 9789586515733 |
| 040 ## - FUENTE DE CATALOGACION [NR] | |
| Agencia de catalogación original [NR] | CO-BoUCM |
| Idioma de catalogación [NR] | spa |
| Quien Cataloga | David Avila |
| Quien Clasifica | David Avila |
| 041 0# - CODIGO DE IDIOMA [R] | |
| Código de idioma para texto/pista de sonido o título separado [R] | Español |
| 100 ## - ASIENTO PRINCIPAL--NOMBRE PERSONAL [NR] | |
| Nombre personal [NR] | Vela González, Pedro Antonio |
| ID Autoridad | 70750 |
| 245 10 - MENCION DE TITULO [NR] | |
| Título [NR] | Evaluación de acciones formativas en el diseño de cursos en ambiente e-learning en una universidad a distancia colombiana |
| Mención de responsabilidad, etc. [NR] | por Pedro Antonio Vela GOnzález |
| 260 ## - PUBLICACION, DISTRIBUCION, ETC. (PIE DE IMPRENTA) [R] | |
| Fecha de publicación, distribución, etc. [R] | 2013 |
| Nombre del editor, distribuidor, etc. [R] | Nova Southeastern University |
| -- | Universidad Nacional Abierta y a Distancia, Sistema de Investigación Unadista |
| Lugar de publicación, distribución, etc. [R] | [Bogotá] |
| 300 ## - DESCRIPCION FISICA [R] | |
| Extensión [R] | vi, 187 páginas |
| Otros detalles físicos [NR] | ilustraciones |
| 500 ## - NOTA GENERAL [R] | |
| Nota general [NR] | "Disertación aplicada presentada al Abraham S. Fischler School of Education en cumplimiento parcial de los requisitos para la obtención del título de doctor en educación"-- portada |
| 504 ## - NOTA DE BIBLIOGRAFIA, ETC. [R] | |
| Nota de bibliografía, etc. [NR] | Incluye referencias bibliográficas |
| 650 17 - ASIENTO SECUNDARIO DE MATERIA - TERMINO TEMATICO [R] | |
| Fuente del encabezamiento o término [NR] | LEMB |
| 9 (RLIN) | 17714 |
| Término temático o nombre geográfico como elemento de entrada [NR] | Innovaciones educativas |
| 650 17 - ASIENTO SECUNDARIO DE MATERIA - TERMINO TEMATICO [R] | |
| Fuente del encabezamiento o término [NR] | LEMB |
| 9 (RLIN) | 13885 |
| Término temático o nombre geográfico como elemento de entrada [NR] | Educación virtual |
| Subdivisión general [R] | Evaluación académica |
| 650 17 - ASIENTO SECUNDARIO DE MATERIA - TERMINO TEMATICO [R] | |
| Fuente del encabezamiento o término [NR] | LEMB |
| Término temático o nombre geográfico como elemento de entrada [NR] | Educación superior |
| Subdivisión general [R] | Enseñanza con ayuda de computadores |
| -- | Evaluación académica |
| 9 (RLIN) | 70751 |
| 650 17 - ASIENTO SECUNDARIO DE MATERIA - TERMINO TEMATICO [R] | |
| Fuente del encabezamiento o término [NR] | LEMB |
| Término temático o nombre geográfico como elemento de entrada [NR] | Modelos de enseñanza |
| Subdivisión general [R] | Innovaciones tecnológicas |
| 9 (RLIN) | 70752 |
| 690 ## - ASUNTO AGREGADO LOCAL DE ENTRADA - TÉRMINO TEMÁTICO (OCLC, RLIN) | |
| 9 (RLIN) | 42917 |
| Acceso temático local | Teoría de la educación |
| 710 2# - ASIENTO SECUNDARIO - NOMBRE CORPORATIVO [R] | |
| Nombre corporativo o de jurisdicción como elemento de entrada [NR] | Nova Southeastern University |
| Unidad subordinada [R] | Abraham S. Fischler College of Education |
| 9 (RLIN) | 70753 |
| 942 ## - ELEMENTOS DE ENTRADA AGREGADOS (KOHA) | |
| Sistema de clasificación | DEWEY |
| Tema principal | Educación |
| Tipo de ítem principal el descrito en 300a | Libro |
| Edición | 1 |
| Clasificación | 378.1734 |
| Parte restante de la signatura top. | V432 |
| Total préstamos | Signatura topográfica | Código de barras | Última vez visto | Ejemplar | Costo de reposición | Price effective from | Tipo de ítem | Perdido | Sistema de clasificación | Dañado | No prestable | Tipo de ítem específico | Suprimido | Ubicación habitual | Ubicación actual | Localización | Fecha de creación | Proveedor | Forma de adquisición | Costo |
|---|---|---|---|---|---|---|---|---|---|---|---|---|---|---|---|---|---|---|---|---|
| 378.1734 V432 | 100146736 | 05/12/2025 | Ej.1 | 26000.00 | 22/07/2015 | Libro | DEWEY | Libro | Claustro | Claustro | 2do piso | 22/07/2015 | 12 | Donación | 0.00 |